<?xml version="1.0" encoding="UTF-8"?>
<collection xmlns="http://www.loc.gov/MARC21/slim">
 <record>
  <leader>01361nam a2200229Ia 4500</leader>
  <controlfield tag="001">TDMU_35532</controlfield>
  <controlfield tag="008">210410s9999    xx            000 0 und d</controlfield>
  <datafield tag="082" ind1=" " ind2=" ">
   <subfield code="a">428.0024351</subfield>
  </datafield>
  <datafield tag="090" ind1=" " ind2=" ">
   <subfield code="b">C104</subfield>
  </datafield>
  <datafield tag="100" ind1=" " ind2=" ">
   <subfield code="a">Campbell, Neil</subfield>
  </datafield>
  <datafield tag="245" ind1=" " ind2="0">
   <subfield code="a">American cultural studies</subfield>
  </datafield>
  <datafield tag="245" ind1=" " ind2="3">
   <subfield code="b">an introduction to American culture</subfield>
  </datafield>
  <datafield tag="245" ind1=" " ind2="0">
   <subfield code="c">Neil Campbell and Alasdair Kean</subfield>
  </datafield>
  <datafield tag="260" ind1=" " ind2=" ">
   <subfield code="a">NY.</subfield>
  </datafield>
  <datafield tag="260" ind1=" " ind2=" ">
   <subfield code="b">Routledge</subfield>
  </datafield>
  <datafield tag="260" ind1=" " ind2=" ">
   <subfield code="c">2015</subfield>
  </datafield>
  <datafield tag="300" ind1=" " ind2=" ">
   <subfield code="a">x, 371 p.</subfield>
  </datafield>
  <datafield tag="520" ind1=" " ind2=" ">
   <subfield code="a">New beginnings: American culture and identity -- Ethnicity and immigration: between many worlds -- African Americans: &quot;I don't sing other people's voices&quot; -- In God we trust?: religion in American life -- Approaches to regionalism: the west and the south -- The American city: &quot;the old knot of contrariety&quot; -- Gender and sexuality: &quot;to break the old circuits&quot; -- Representing youth: outside the sunken nursery -- The spread of freedom -- The transmission of American culture.; Includes bibliographical references and index</subfield>
  </datafield>
  <datafield tag="650" ind1=" " ind2=" ">
   <subfield code="a">United States</subfield>
   <subfield code="x">Civilization</subfield>
   <subfield code="y">20th century</subfield>
   <subfield code="x">Study and teaching; United States</subfield>
   <subfield code="x">Civilization</subfield>
   <subfield code="y">21st century</subfield>
   <subfield code="x">Study and teaching; Hoa Kỳ</subfield>
   <subfield code="x">Nền văn minh</subfield>
   <subfield code="y">Thế kỷ 20</subfield>
   <subfield code="x">Dạy và học</subfield>
  </datafield>
  <datafield tag="700" ind1=" " ind2=" ">
   <subfield code="a">Kean, Alasdair</subfield>
  </datafield>
  <datafield tag="856" ind1=" " ind2=" ">
   <subfield code="u">http://lrc.tdmu.edu.vn/opac/search/detail.asp?aID=2&amp;ID=35532</subfield>
  </datafield>
  <datafield tag="980" ind1=" " ind2=" ">
   <subfield code="a">Trung tâm Học liệu Trường Đại học Thủ Dầu Một</subfield>
  </datafield>
 </record>
</collection>
